Normal view
MARC view
- Seader, J. D. Lewin, Daniel R. Widagdo, Soemantri
Entry Corporate Name
001 - CONTROL NUMBER
- control field: 112281
003 - CONTROL NUMBER IDENTIFIER
- control field: NUST
005 - DATE AND TIME OF LATEST TRANSACTION
- control field: 20230515100547.0
008 - FIXED-LENGTH DATA ELEMENTS
- fixed length control field: 230515|| aca||aabn | a|a d
040 ## - CATALOGING SOURCE
- Original cataloging agency: NUST
- Transcribing agency: NUST
110 ## - HEADING--CORPORATE NAME
- Corporate name or jurisdiction name as entry element: Seader, J. D. Lewin, Daniel R. Widagdo, Soemantri
670 ## - SOURCE DATA FOUND
- Source citation: Work cat.: (NUST): Seider, Warren D. 112280, Product and Process Design Principles: , 2010.
